• 首页
  • 本馆介绍
  • 公告通知
  • 最新文献
  • 馆藏检索
  • 电子资源
  • 读者导购
  • 参考咨询
  • 我的图书馆
  • 登录
  • 详细信息显示
  • 放入我的书架
  • 预约/预借图书
  • 作者相关作品
  • 分类相关作品
  • 丛书相关作品
  • 出版社相关作品

书目信息

  • 表格格式
  • 工作单格式
  • 卡片格式
题名:
视觉之旅:化学世界的分子奥妙
    
 
作者: 格雷 著 ;陈晟 译
分册:  
出版信息: 北京   人民邮电出版社  2015.04
页数: 234页
开本: 22cm
丛书名:
单 册:
中图分类: O561-49 , N49
科图分类:
主题词: 分子--普及读物 , 自然科学--普及读物
电子资源:
ISBN: 978-7-115-38361-7
000 01202nam0 2200265 450
001 452
005 20180922132929.86
010    @a978-7-115-38361-7@dCNY68.00
100    @a20150601d2015 em y0chiy50 ea
101 1  @achi@ceng
102    @aCN@b110000
105    @aa z 000yy
200 1  @a视觉之旅:化学世界的分子奥妙@Ashi jue zhi lu:hua xue shi jie de fen zi ao miao@9shi jue zhi lv@e化学世界的分子奥秘@e彩色典藏版@f(美)西奥多·格雷(Theodore Gray)著@g陈晟[等]译
210    @a北京@c人民邮电出版社@d2015.04
215    @a234页@c彩图@d22cm
330    @a本书作者从原子如何结合成为化合物与分子,以及有机化合物与无机化合物的区别入手,然后针对各种物质的分子是如何形成的,继续展开探索,这些化合物和分子包括肥皂和溶剂油、黏胶和石油、岩石和矿石、绳子和纤维、止痛片和危险的药物、甜味剂、香水和臭气弹、颜色和色素等,以及一些有争议的化合物,如石棉、氯氟烃和柳硫汞等。
510 1  @aMolecules@ethe elements and the architecture of everything@zeng
606 0  @a分子@j普及读物
606 0  @a自然科学@x普及读物
690    @aO561-49@v5
690    @aN49@v4
701  0 @c(美)@a格雷@9ge lei@c(Gray, Theodore)@4著
702  0 @a陈晟@9chen sheng@4译
801  0 @aCN@b91MARC@c20150601
905    @aMuseLib@dN49@e327
    
    视觉之旅:化学世界的分子奥妙:化学世界的分子奥秘:彩色典藏版/(美)西奥多·格雷(Theodore Gray)著/陈晟[等]译.-北京:人民邮电出版社,2015.04
    234页:彩图;22cm
    
    
    ISBN 978-7-115-38361-7:CNY68.00
    本书作者从原子如何结合成为化合物与分子,以及有机化合物与无机化合物的区别入手,然后针对各种物质的分子是如何形成的,继续展开探索,这些化合物和分子包括肥皂和溶剂油、黏胶和石油、岩石和矿石、绳子和纤维、止痛片和危险的药物、甜味剂、香水和臭气弹、颜色和色素等,以及一些有争议的化合物,如石棉、氯氟烃和柳硫汞等。
●
相关链接 在E读中查询图书 在五车中查询图书 在当当中查询图书 在豆瓣中查询图书


正题名:视觉之旅:化学世界的分子奥妙     索取号:N49/327         预约/预借

序号 登录号 条形码 馆藏地/架位号 状态 备注
1 1119949   211199497   第二样本阅览室/ [索取号:N49/327] 在馆    
2 1119950   211199503   第三借阅区/ [索取号:N49/327] 在馆    
3 1119951   211199512   第三借阅区/ [索取号:N49/327] 在馆    
4 1119952   211199521   第三借阅区/ [索取号:N49/327] 在馆    
5 1119953   211199530   化学系资料室/ [索取号:N49/327] 在馆    
唐山师范学院图书馆 欢迎您!
大连网信软件有限公司© 版权所有